Gestión de proyectos
Uloženo v:
| Hlavní autoři: | , |
|---|---|
| Médium: | Kniha |
| Jazyk: | španělština |
| Vydáno: |
Buenos Aires
Pearson Educación
2007
|
| Vydání: | 1a. ed |
| Témata: | |
| Tagy: |
Přidat tag
Žádné tagy, Buďte první, kdo vytvoří štítek k tomuto záznamu!
|
MARC
| LEADER | 00000nam a2200000 a 4500 | ||
|---|---|---|---|
| 001 | UCI8752 | ||
| 003 | CL-VaPUC | ||
| 008 | 080925e20070000AG |||||||||||||||||spa|d | ||
| 020 | |a 9789871147984 | ||
| 082 | 0 | 4 | |a 658.404 |b LLE |2 21 |
| 100 | |a Lledó, Pablo |e autor |9 532351 | ||
| 700 | 0 | |a Rivarola, Gustavo |e author |9 532352 | |
| 245 | 1 | 0 | |a Gestión de proyectos |
| 250 | |a 1a. ed | ||
| 300 | |a 501 p | ||
| 942 | |c BK | ||
| 945 | |d 20080925 00:00:00 |a jtorresc | ||
| 260 | |a Buenos Aires |b Pearson Educación |c 2007 | ||
| 500 | |a Cómo dirigir proyectos exitosos, coordinar los recursos humanos y administrar los riesgos | ||
| 650 | 0 | |a Gestión de proyectos |9 260970 | |
| 650 | 0 | |a Planificación estratégica |9 259735 | |
| 583 | |a last modification |c 20170510 01:20:51 |k Rodrigo Vera | ||
| 999 | |c 331546 |d 331544 | ||
| 952 | |0 0 |1 0 |4 0 |6 658_404000000000000_LLE_2007 |7 0 |8 A |9 418290 |a BIBING |b BIBING |d 2019-11-22 |i 4483286 |l 1 |o 658.404 LLE 2007 |p 4483286 |r 2025-01-20 |s 2024-03-13 |w 2019-11-22 |y BK |k CIC | ||
| 952 | |0 0 |1 0 |4 0 |6 658_404000000000000_LLE_2007 |7 0 |8 A |9 418291 |a BIBMEC |b BIBMEC |d 2019-11-22 |i 4507053 |o 658.404 LLE 2007 |p 4507053 |r 2024-01-19 |w 2019-11-22 |y BK |k MEC | ||